000 00750nam a22002177a 4500
003 0
005 20251114122559.0
008 251114b xxu||||| |||| 00| 0 eng d
020 _a978-0-89870-478-5
050 _aBX 4658.53
_b.H34 1993
100 _aHahn, Scott,
_eauthor.
245 _aRome sweet home :
_bour journey to Catholicism /
_cScott Hahn & Kimberly Hahn.
260 _aSan Francisco :
_bIgnatius Press,
_c1993.
300 _axiv, 182 pages :
_billustrations ;
_c21 cm.
650 _aCatholic converts
_zUnited States
_xBiography.
650 _aConversion
_xCatholic Church.
650 _aCatholic Church
_xDoctrines.
650 _aMarried people
_xReligious life
_vCatholic Church.
700 _aHahn, Kimberly,
_eauthor.
942 _2lcc
_cBK
999 _c368647
_d368647